000 01032nam a22003017a 4500
001 BR7603439
003 BR-BrBNA
005 20230928085027.0
007 ta
008 230509b bl.||||| |||| 00| 0 por d
040 _aBR-BrBNA
_bpor
_cBiblioteca Nacional de Agricultura
041 _a(Por)
072 _aF23; P00
_b/G514
090 _ F23 BR7603439
100 1 _aAmaral, G.
110 1 _aInstituto de Pesquisas Espaciais, Sao Jose dos Campos, SP (Brasil)
245 1 _aCondicionamento geologico das ocorrencias de chumbo e zinco encaixadas no grupo Bambui em Minas Gerais [Brasil]
_bINPE-934-NTE/068
260 3 _aSao Jose dos Campos, SP (Brasil):
_c1976.
300 _a35 p.
500 _aBibliography (55 ref.); Summary (Por). (*) Documento disponível na(o) Instituto de Pesquisas Espaciais, Sao Jose dos Campos, SP (Brazil)
650 _aGEOLOGIA
650 _aMINERAL
650 _aMAPA
650 _aSENSORIAMENTO REMOTO
650 _aMINAS GERAIS
909 _a202309
_bLucia
_c55
_dLucia Elande
942 _cBK
999 _c22448
_d22448